000 003740000a22001570004500
020 _a0-8024-6457-2
041 0 _aENG
082 0 4 _aG 248 B9477p
100 1 _aBurchett, Harold Ewing
245 1 0 _aPeople helping people / Harold Ewing Burchett
260 _aChicago, USA : Moody
300 _a127 Pag
650 1 4 _aVIDA CRISTIANA \ CONSUELO
001 5070
942 _cBK
999 _c35540
_d35540